Výskum a charakterizácia MQW heteroštrultúr pre QWIP detektory pripravené na tvarovaných substrátoch GaAs : Obh. 15.06.2006
Enregistré dans:
| Auteur principal: | |
|---|---|
| Autres auteurs: | |
| Format: | Livre |
| Langue: | slovaque |
| Publié: |
Bratislava :
Elektrotechnický ústav SAV,
2006
|
| Sujets: | |
| Tags: |
Pas de tags, Soyez le premier à ajouter un tag!
|
MARC
| LEADER | 00000nam a22000003a 4500 | ||
|---|---|---|---|
| 001 | stu123297 | ||
| 005 | 20150617225902.2 | ||
| 008 | 060714s2006----xo------------------slo-d | ||
| 040 | |a STU |b slo | ||
| 041 | 0 | |a slo | |
| 044 | |a xo | ||
| 100 | 1 | |a Štrichovanec, Pavel |4 aut | |
| 245 | 1 | |a Výskum a charakterizácia MQW heteroštrultúr pre QWIP detektory pripravené na tvarovaných substrátoch GaAs : |b Obh. 15.06.2006 | |
| 260 | |a Bratislava : |b Elektrotechnický ústav SAV, |c 2006 | ||
| 300 | |a 105 s | ||
| 650 | 7 | |a GaAs |2 stusub | |
| 650 | 7 | |a heteroštruktúry |2 stusub | |
| 700 | 1 | |a Novák, Jozef |4 ths | |
| 996 | |b 284ED01126 |c E*PGŠ-931 |l EE01 |s A |a 24 |w stu123297_0001 | ||